Ke Xue de 1000 ge shun jian : gai bian ren lei li shi de fa ming yu fa xian (Chinese)
| Main Author: | |
|---|---|
| Format: | Book |
| Published: |
Taibei :
Jiu jing chu ban she ,
2006
|
| Series: | Ke pu = Episteme ; 27
|
| Subjects: |
MARC
| LEADER | 00000cam a2200000 7i4500 | ||
|---|---|---|---|
| 001 | 0000030392 | ||
| 005 | 20110125.0 | ||
| 008 | 110125 | ||
| 020 | |a 9861370536 | ||
| 090 | 0 | 0 | |a 609 |b LIN |
| 100 | 1 | |a Lin, Weimin | |
| 245 | 1 | 0 | |a Ke Xue de 1000 ge shun jian : |b gai bian ren lei li shi de fa ming yu fa xian (Chinese) |c Lin Weimin |
| 260 | |a Taibei : |b Jiu jing chu ban she , |c 2006 | ||
| 440 | |a Ke pu = Episteme ; 27 | ||
| 650 | 0 | |a Discoveries in science |x History | |
| 650 | 0 | |a Inventions |x History | |
| 999 | |a 0001038739 |b Book |c Chinese Collection |e Perbadanan Perpustakaan Awam Johor | ||